Home Safety Hotline - All Entries Quiz - Statistics

General Stats
  • This quiz has been taken 46 times
  • The average score is 44 of 103
Answer Stats
Hint Answer % Correct
A humanoid object that completes its given task then collapses Animation
86%
A flying mammal that resides in homes during the winter; can spread diseases such as rabies Bat
82%
A sharp fungus that grows on unwashed bedsheets, blankets, or mattresses Bed Teeth
82%
A flying insect that lives in hives and follows their Queen Bees
82%
A humanoid resembling an old woman that lives under sleeping apparatuses and steals the breath of those who sleep there Bed Hag
77%
A metamorphosized hazard that becomes aggressive if seen or referred to by any name or pronoun Boggart
77%
A dark-coloured mold that can cause respiratory issues Black Mold
73%
A species of vines that grows on homes and causes homeowners to feel blissful and delirious Autumn Vines
68%
A deadly odourless, colourless gas that can kill if built up Carbon Monoxide
68%
A small, humanoid creature that eats grime and dirt off floors, cleaning them in the process Common Hobb
68%
An incurable disease spread by most sprites, causes pink eyes, flowers to bloom from the skin and can be fatal Fae Flu
68%
A subterranean that burrows underground and should not be killed at any cost Mole
68%
A subspecies of hazard that lives in the attics of homes; feeds on dust and other grime Attic Gnome
64%
A pest that lives in beds and feeds off blood Bed Bugs
64%
"The one who delivers", seeking out its victims endlessly; if you are sought by Dorcha, you must accept your fate Dorcha
64%
A large meal that appears on kitchen or dining room tables, usually consisting of cornstarch, flour, or other hard to eat substances; it is rude to not eat it Fae Feast
64%
A species of ant that burrows into wood Carpenter Ants
59%
A 'cave' that appears in homeowners' basements Cellar Grotto
59%
A subspecies of a hazard that lives in desks and drawers, tidying them to its liking Desk Hobb
59%
An arachnid-like creature that feeds off homeowners' dreams, causing nightmares Dream Weaver
59%
Humanoid creatures with pointed ears that pose as old friends, family or acquaintances; known to bring sickness Elves
59%
A being that disguises itself as a beet, usually in homes with gardens; if consumed, steals nutrients from its host and cannot be removed without their death False Beet
59%
A hazard that has been forgotten or unacknowledged, leaving it to roam around forests or mountains until they find new shelter within the homes of those who witness or discuss them; homeowners who have attracted the attention of one report strange sightings and become obsessed with them Forgotten Boggart
59%
A subspecies of hazard that leaves cracks in the foundation and walls of homes; can cause structural damage Fracture Hobb
59%
A corpse 'brought back to life', that hunts down whoever its 'creator' desires Reanimation
59%
An antler-like fungi that grows on decomposing mammals or humans, bringing them 'back to life' Antler Growths
55%
Stone formations that appear around homes in the winter; if left untreated, can cause a home to sink into the ground Cloch
55%
A worthless species of rodent that breeds quickly and spreads disease Mice
55%
A sudden pile of snow that rapidly moves down a mountain or hill, usually caused by the ground shaking Avalanches
50%
A labyrinth that appears in the closets of wealthy homeowners, or homes previously owned by the wealthy Closet Labyrinth
50%
When liquid freezes and expands in pipes, which can cause them to break or be blocked; often smells bad Frozen Pipes
50%
A small-to-medium grey mammal that rummages through trash and lives most often in attics Raccoon
50%
A large creature only active at night that seeks warm fabric in winter and grows up to 12 feet tall when frightened Troll
50%
A being that disguises itself as a flower; can 'sing' and will spray acid if attempts are made to remove it False Flower
45%
A being that disguises itself as a rose bush, usually given away by its humanoid legs and feet; steals and eats children and small animals that are left unsupervised for too long False Rose Bush
45%
A species of plant that dig upwards and attempt to pull creatures, such as small animals and children, underground to feed on them Floor Roots
45%
A pest that can sense when a creature is about to die House Fly
45%
A species of fungus that grows inside of pipes and will attempt to eat anything that goes inside its domain Pipe Growth
45%
A subspecies of hazard that lives inside of pipes and cleans them Pipe Hobb
45%
A shapeshifter that kills and replaces pets in order to scare homeowners Pooka
45%
An entryway to a different universe or realm that lures creatures to it Portal
45%
A subspecies of hazard that begs to be let in during rainstorms and can cause flooding Rain Nymph
45%
An insect that lives in colonies and burrows into wood, destroying homes' foundations Termites
45%
A species of fungi that grows in walls and causes a loud whistling noise; when they harmonize it is said to cause terrible things Whistling Fungi
45%
A green, glowing species of fungus that grows from the ceiling in cellars and basements Cellar Growths
41%
Creatures that look like rocks that can live in human homes, usually in the basement or cellar; turns the heat up very high and can damage foundation Dwarves
41%
A species of mammal that burrows underground and can damage gardens Gopher
41%
An invisible subspecies of hazard that erases an individual's memory, as well as others' memory of them Memory Wisp
41%
A subspecies of hazard that lures passersby into looking into its mirror to steal their likeness Mirror Nymph
41%
A subspecies of hazard that observes sleeping homeowners Night Gnome
41%
A subspecies of hazard that appears as a glowing ball of light and attempts to lure homeowners outside by whispering promises of good fortune and wealth at their windows Night Wisp
41%
A subspecies of hazard that lives solely in pine trees; can cause problems with Christmas lights and also makes a mess with pine needles and sap Pine Sprite
41%
A subspecies of hazard that feeds off of residue from tea and tea leaves; can spread a certain deadly disease Tea Sprite
41%
A subspecies of hazard that feeds on wine; can spread a certain deadly disease Wine Sprite
41%
An 'unkillable' pest that spreads disease and breeds quickly Cockroaches
36%
Avian-like beings that 'sing' on homeowners' porches; if the homeowner opens the door, they will steal them away to their nests False Carolers
36%
A humanoid creature with a canine face that lures humans to them with whining sounds; extremely dangerous Kobold
36%
A subspecies of hazard that lives in light fixtures, usually lamps, and becomes hostile if its home is turned off; can spread a certain deadly disease Lamp Sprite
36%
A vaguely feminine semi-solid humanoid that slips into homes during hailstorms, seeking warmth; if a mammal or human is caught by it, they will lose all warmth and die Lussi
36%
A door frame that creates a sense of parallelism when creatures pass through it Neighbor's Doorway
36%
A seasonal illness that grows on the mammalian proboscis, resembling a ball or a berry; mostly harmless asides from the growing process, which is painful Red Nose
36%
Large, humanoid mounds of snow that can move on their own; they will do anything to make the home afflicted colder, possibly causing severe illness or disease Snow Golem
36%
A subspecies of hazard that disguises itself as a bar of soap; can spread a certain deadly disease if used Soap Sprite
36%
A plant-like creature that is one with nature and attacks those who disrupt it Spriggan
36%
A result of being touched by another hazard; a tree that grows inside the afflicted individual Sprig Tree
36%
A species of quick growing vines that block entrances and exits to building; grown by another hazard Sprig Vines
36%
A large, mollusc-like creature that lives in basements and stairwells Stair Slug
36%
A pest that lives in tall or overgrown grass; its bite can spread disease Ticks
36%
A subspecies of hazard that temporarily displaces time, showing homeowners the future; this can lead to either intense happiness, determination, or dread Time Wisps
36%
A subspecies of hazard that lives inside toilets and consumes the waste that passes through them Toilet Hobb
36%
A subspecies of hazard that secretly sneaks into suitcases, briefcases and other things used for travel, then makes homeowner's homes into nurseries Travel Gnome
36%
The 'ghost' of a warlock that inhabits homes and has the powers to move small objects Warlock Remnant
36%
Goat-shaped apparitions that can occur in homes in the winter; homeowners affected often see these apparitions everywhere Yule Goat
36%
A humanoid creature made up of mostly pine; seeks out pets to skin for their hides/pelts Belsnickel
32%
A humanoid made up of cloth, rags and straw that commonly affects the homes of the wealthy and well-off; causes homeowners to see strange symbols and commit dangerous or criminal acts Hans
32%
When fire spreads and begins to damage an area House Fires
32%
A species of arachnid that catches other common house pests House Spider
32%
A subspecies of hazard that disguises itself as fabric to be put into washing machines Laundry Gnome
32%
A small humanoid that feeds on metal Leprechaun
32%
Humanoids that resemble elderly men; they are highly territorial, and if a home or someone wanders too close to its territory, they will chant and vocalize, occasionally causing severe damage to homes and homeowners Mountain Warlock
32%
An insectoid that feeds on weeds and will cause homeowners to have self-destructive thoughts or perform self-destructive actions if there is an attempt made to remove their food source Seedling
32%
A subspecies of hazard that lives in and off trash cans Trash Gnome
32%
If wood is mistreated it leaks this pink substance that smells delicious to children and pets and turns creatures into wood if consumed Wood Secretions
32%
Huge, feline creatures that stalk highly populated, highly elevated areas during winter; feeds on fabrics and textiles Yule Cat
32%
A subspecies of hazard that take on the appearance of semi-transparent crystallized orbs; homeowners afflicted with them commonly report shivering, a strange chill in the air, and thoughts about one's own mortality Frost Wisps
27%
Large, tall creatures usually only active at high heights during winter; it is not as much the hazard as the other hazards it brings Ogress
27%
A humanoid, almost bird-like creature that sheds its skin often and is attracted to messy or cluttered homes; will use humans as scarecrows to ward off other pests Perchta
27%
An invisible subspecies of hazard that causes affected homeowners to seek out copious amounts of sugar, leading to starvation if not treated Sugar Wisps
27%
A fungus that resembles a unicorn horn that grows on furry mammals' (often pets) heads, causing them to have the urge to dig holes Unicorn Fungi
27%
A hazard that is the direct result of another; often very misshapen and deformed with severe respiratory issues Wight
27%
A subspecies of hazard that travel in packs of up to 13; mostly harmless asides from their antics but severely dangerous to pets and children who have attracted the attention of a certain hazard Yulemen
27%
A being that disguises itself as regular objects; eats children and small animals False Artefact
23%
Structural problems that can either lead to damage or the home entirely collapsing; commonly causes uneven floors, cracks in walls or ceilings, or drains not working Sinking Foundation
23%
A highly contagious virus that causes white hair-like follicles to grow across an infected individual's face, body and eyes Winter Fur
23%
A creature resembling an old woman that enters through chimneys and leaves gifts, such as dolls, made of stones, twigs and other organic matter Gift Hag, The
9%
An invisible hivemind that gathers trash into one area Horde, The
9%
A fungal storm that commonly causes power outages and oftentimes leads to another hazard (hint hint) Hunt, The
9%
A train that only children and small animals can see; homeowners often report rumbling sounds, strangely without damage, and if it passes through households with little to no faith, their children may go missing Locomotive, The
9%
A skeletal, equine humanoid covered in fabrics and tinsels that approaches home entrances after dark, screeching, wailing or singing for hours at a time Mare, The
9%
The king of all of one hazard that must be killed or captured at all costs Mouse King, The
9%
A warlock resembling an elderly human male that leaves 'gifts' on homeowners' porches or doorsteps; these gifts can be accepted, bringing good luck and fortune for 30 years, or they can be removed; but a fair warning, removing these gifts can lead to another hazard Saint, The
9%
A goat-like creature that carries chains with itself; if homeowners do not do something related to a previous hazard, any children in the home will be kidnapped and eaten Sinner, The
9%
An annual phenomenon that feeds off of fear and suffering and has an urge to consume all living creatures Twilight, The
9%
No matching quizzes found
Score Distribution
Percent of People with Each Score
Percentile by Number Answered
Your Score History
You have not taken this quiz